Compound Word Ladder Quiz Stats

Quiz Updated Aug 27, 2012

Challenge
Share
Tweet
Embed
Score 0/26 Timer 05:00
3 Plays Today
Clue Compound Word % Correct
4th of July specialtyfirework
84.5%
Scrooge says 'Bah…' thishumbug
82.8%
Colorful insect, or a swimming strokebutterfly
81.4%
Severe white weather in wintersnowstorm
80%
A bright bugfirefly
78.6%
Needing Dramamine on a cruiseseasick
72.7%
Position between 2nd and 3rdshortstop
70%
A sudden idea, thought or impulsebrainstorm
69.5%
Child, on their first sleep overhomesick
67.6%
School, after schoolhomework
63.3%
A method of rapid writingshorthand
62.2%
Spotted in the gardenladybug
62%
Away from the beach drillingoffshore
58.9%
Clue Compound Word % Correct
Shell hunter's terrainseashore
58%
Baby Ruth and this: fresh, guaranteedButterfinger
55.5%
Tiramisu essential ingredient (US)ladyfinger
53.1%
Controlled and systematic indoctrinationbrainwash
50.6%
Unrehearsedoffhand
49%
Baseball catcher behind the catcherbackstop
47.6%
Monotonous, prosaic, blahhumdrum
42.9%
This body part catches some waveseardrum
40.4%
To tag for a particular purposeearmark
36.3%
To clean a swimming pool filterbackwash
35.9%
Paper impressionwatermark
35.1%
Skier's delightsnowfall
26.5%
Victoria or Horseshoewaterfall
24.5%

You're not logged in!

Compare scores with friends on all Sporcle quizzes.
Sign Up with Email
OR
Log In

You Might Also Like...

Show Comments

Extras

Top Quizzes Today


Score Distribution

Your Account Isn't Verified!

In order to create a playlist on Sporcle, you need to verify the email address you used during registration. Go to your Sporcle Settings to finish the process.